=LDR 00000nam 2200000 4500 =001 INLIS000000000014171 =005 20130612105446 =008 ***********************************Ind** =035 ##$$0010-061300000014171 =041 ##$$a Ind =082 ##$$a 633.88 =090 ##$$a 633.88, Ris n =100 ##$$a Risman =245 ##$$a Nilam, Tanaman primadona penghasil minyak wangi, Risman =260 ##$$a 2001 $b Yogyakarta =300 ##$$a ix, 93 hlm, Ilus, 20 cm =650 ##$$a Minyak wangi =850 ##$$a NBPNMAT